| 000 -LEADER |
| fixed length control field |
00616nam a2200253Ia 4500 |
| 001 - CONTROL NUMBER |
| control field |
18236 |
| 003 - CONTROL NUMBER IDENTIFIER |
| control field |
GE_BSU |
| 008 - FIXED-LENGTH DATA ELEMENTS--GENERAL INFORMATION |
| fixed length control field |
181216s||||||||xx |||||||||||||| ||und|| |
| 020 ## - INTERNATIONAL STANDARD BOOK NUMBER |
| International Standard Book Number |
9781780984452 |
| 040 ## - CATALOGING SOURCE |
| Transcribing agency |
GE_BSU |
| 080 ## - UNIVERSAL DECIMAL CLASSIFICATION NUMBER |
| Universal Decimal Classification number |
811.111(075.8) |
| 100 ## - MAIN ENTRY--PERSONAL NAME |
| Personal name |
Evans, Virginia. Dooley,Jenny |
| 245 ## - TITLE STATEMENT |
| Title |
Prime Time 2. Student's Book |
| 260 ## - PUBLICATION, DISTRIBUTION, ETC. |
| Place of publication, distribution, etc. |
Newbury |
| 260 ## - PUBLICATION, DISTRIBUTION, ETC. |
| Name of publisher, distributor, etc. |
Express Publishing |
| 260 ## - PUBLICATION, DISTRIBUTION, ETC. |
| Date of publication, distribution, etc. |
2012 |
| 300 ## - PHYSICAL DESCRIPTION |
| Extent |
135p;ill,col,30cm. |
| 300 ## - PHYSICAL DESCRIPTION |
| Other physical details |
+1CD-Rom |
| 653 ## - INDEX TERM--UNCONTROLLED |
| Uncontrolled term |
Prime Time 2 |
| 653 ## - INDEX TERM--UNCONTROLLED |
| Uncontrolled term |
Student's Book |
| 653 ## - INDEX TERM--UNCONTROLLED |
| Uncontrolled term |
ინგლისური ენა |
| 942 ## - ADDED ENTRY ELEMENTS (KOHA) |
| Koha item type |
წიგნი |